| 000 | 01652 a2200229 4500 | ||
|---|---|---|---|
| 001 | 29438 | ||
| 005 | 20260407155604.0 | ||
| 008 | 260407a1998 arg spa d | ||
| 003 | AR-UNSa-BCEJYS | ||
| 040 |
_aAR-UNSa-BCEJYS _bspa _cAR-UNSa-BCEJYS |
||
| 080 |
_a336.225 _xMétodo de tributación y administración de impuestos |
||
| 245 | 1 | 0 | _aNociones de Derecho Procesal Civil y Administrativo |
| 250 | _a2a. ed. | ||
| 264 | 1 |
_aBuenos Aires : _bEdiciones Nueva Técnica _c1998 |
|
| 300 |
_a112 p. _c28 cm. |
||
| 505 | _aModulo I: Nociones de derecho procesal civil: 1. Concepto - 2. Naturaleza jurídica - 3. Clases de proceso - 4. Principios procesales - 5. Jurisdicción y competencia - 6. Proceso contencioso - Modulo II: Nociones de procedimiento administrativo: 1. Procesos contenciosos administrativo y judicial. Proceso administrativo - 2. Procedimientos administrativos - 3. Principios generales del procedimiento administrativo - 4. Acto administrativo - 5. Recursos administrativos - 6. Impugnación judicial de actos administrativos - Modulo III: Ley de procedimiento tributario: 1. Autonomía del derecho tributario - 2. Codificación limitada - Modulo IV: Administración Federal de Ingresos Público: 1. Administración Federal de Ingresos Públicos - 2. Proyecciones de la derogación de los artículos precitados - 3. Naturaleza jurídica de la A.F.I.P. y competencia - 4. Auroridades administrativas - 5. Organigrama de la A.F.I.P. - Modulo V: Interpretación de las leyes tributarias | ||
| 041 | _aspa | ||
| 942 | _cBK | ||
| 590 | _aniveau_biblio:m niveau_hierar:0 | ||
| 100 | 1 | _aGómez, Teresa | |
| 700 | 1 | _aFolco, Carlos Maria | |
| 999 |
_c1863 _d1863 |
||